Statystyki dla Kadra BVB w LM 2016/2017

Kliknij tutaj aby rozwiązać quiz!

Ogólne statystyki

  • Ten quiz został rozwiązany 66 razy
  • Średni wynik to 16 z 24

Statystyki odpowiedzi

pozycja#krajpiłkarz% Poprawnych
O26POLŁukasz Piszczek
100%
O13PORRaphael Guerreiro
95%
P23JPNShinji Kagawa
95%
N17GABPierre Emerick Aubameyang
93%
B38SUIRoman Burki
93%
P11GERMarco Reus
90%
P22USAChristian Pulisic
85%
B1GERRoman Weidenfeller
80%
O25GRESokratis
80%
P10GERMario Gotze
75%
O29GERMarcel Schmelzer
74%
P8TURNuri Sahin
74%
N7FRAOusmane Dembele
72%
Trener-GERThomas Tuchel
70%
O5ESPMarc Bartra
69%
P9TUREmre Mor
64%
N20COLAdrian Ramos
61%
P6GERSven Bender
48%
P33GERJulian Weigl
41%
O28GERMatthias Ginter
33%
O37GERErik Durm
31%
P21GERAndre Schurrle
26%
P27GERGonzalo Castro
26%
P18GERSebastian Rode
21%

Rozkład punktacji

Percentyl według liczby udzielonych odpowiedzi

Procent ludzi z każdym wynikiem

Twoja historia wyników

Nie rozwiązałeś tego quizu